Consideracions sobre la història universal / Jacob Burckhardt ; traducció i edició a cura de Gustau Muñoz ; pròleg de J. M. López Piñero
Descripción Física:
266 p. ; 19 cm
Colección:
Clàssics del pensament modern ; 6
Materias:
Història universal
MARC
| LEADER | 00000nam a2200000Ia 4500 | ||
|---|---|---|---|
| 001 | 1226 | ||
| 008 | 160829s1983 xx 000 0 cat d | ||
| 080 | |a H-1-202 | ||
| 100 | |a urckhardt, Jacob |9 28933 | ||
| 245 | |a Consideracions sobre la història universal / Jacob Burckhardt ; traducció i edició a cura de Gustau Muñoz ; pròleg de J. M. López Piñero | ||
| 260 | |a Barcelona : |b Edicions 62 : |b Diputació de Barcelona, |c 1983 | ||
| 300 | |a 266 p. ; |c 19 cm | ||
| 490 | |a Clàssics del pensament modern ; 6 | ||
| 650 | |a Història universal |9 28934 | ||
| 700 | |a Muñoz, Gustau, tr. |9 33387 |e traductor | ||
| 700 | 1 | |a López-Picó, Josep Maria, |d 1886-1959 |e autor del pròleg |9 27474 | |
| 710 | 1 | |a Barcelona (Catalunya : Província). |b Diputació |9 52408 | |
| 901 | |a Arxiu | ||
| 942 | |n 1 |2 udc | ||
| 952 | |0 0 |1 0 |4 0 |6 H1202 |7 1 |9 44979 |a Arxiu |b Arxiu |d 2016-12-01 |l 0 |o H-1-202 |p 1226 |r 2016-12-01 00:00:00 |w 2016-12-01 |y ARXIU | ||
| 999 | |c 47582 |d 47582 | ||